Amit a fordító megtalál a szótárban - és amit nem

Elmentve itt :
Bibliográfiai részletek
Szerző: Albert Sándor
Dokumentumtípus: Könyv része
Megjelent: 2007
Sorozat:"Tavasz jáde csigái" avagy "Zöld kagyló-forma tavasz" : Pálfy Miklós 65. születésnapjára
Kulcsszavak:Fordítás, Nyelvészet
Online Access:http://acta.bibl.u-szeged.hu/64154
LEADER 00697naa a2200181 i 4500
001 acta64154
005 20260224081030.0
008 191214s2007 hu o 000 hun d
020 |a 978 963 7460 39 5 
040 |a SZTE Egyetemi Kiadványok Repozitórium  |b hun 
041 |a hun 
100 1 |a Albert Sándor 
245 1 0 |a Amit a fordító megtalál a szótárban - és amit nem  |h [elektronikus dokumentum] /  |c  Albert Sándor 
260 |c 2007 
300 |a 69-76 
490 0 |a "Tavasz jáde csigái" avagy "Zöld kagyló-forma tavasz" : Pálfy Miklós 65. születésnapjára 
695 |a Fordítás, Nyelvészet 
856 4 0 |u http://acta.bibl.u-szeged.hu/64154/1/tavasz_jade_csigai_069-076.pdf  |z Dokumentum-elérés